000 01256cam a22003617a 4500
003 CHAP
005 20220817040753.0
008 971010s1987 r 00010 d
010 _a56
011 _a1028
035 _a203
040 _cCHAP
082 0 4 _a636.08
_bS38
100 0 0 _aSasimowski, Ewald.
_9102683
245 1 0 _aAnimal breeding and production :
_ban outline
_c/por Ewald Sasimowski
260 _aAmsterdam :
_bElsevier,
_c1987
300 _a782 p.
_b: ilus.
490 0 _aDevelopments in animal and veterinary sciences
_v; 19
590 _aBATCH-UPD
_b10
_c20130110
_lUCH01
_h0220
590 _aBATCH-UPD
_b10
_c20130110
_lUCH01
_h0942
590 _aBATCH-UPD
_b10
_c20130409
_lUCH01
_h2240
590 _aBATCH-UPD
_b10
_c20130410
_lUCH01
_h1202
590 _aBATCH-UPD
_b10
_c20130914
_lUCH01
_h0337
590 _aCONVERSION
_b10
_c20130109
_lUCH01
_h1302
650 1 4 _aAnimales domésticos
_xAnatomía y fisiología.
_95892
650 1 4 _aAnimales domesticos
_xMejoramiento.
_95909
650 1 4 _aGanadería.
_944604
650 1 4 _aNutrición animal.
830 0 _aDevelopments in animal and veterinary sciences
_v; 19
_932275
901 _aBK
942 _cLIBRO
949 _a636.08 S38
_bBC
_cLIBRO
_d33724000264594
_eLIBRO
_gI.146796
_h75795
_i203
_si
_t963.00
999 _c56
_d56